书目信息 |
| 题名: |
政治常识手册
|
|
| 作者: | ;南京师范学院政教系《政治常识手册》组 编 | |
| 分册: | ||
| 出版信息: | 北京 中国青年出版社 1981 |
|
| 页数: | 225页 | |
| 开本: | 19cm | |
| 丛书名: | ||
| 单 册: | ||
| 中图分类: | D-62 | |
| 科图分类: | ||
| 主题词: | 政治 | |
| 电子资源: | ||
| ISBN: | ||
| 000 | 00609nam0 2200193 45 | |
| 001 | 0301140828 | |
| 005 | 20060801154530.62 | |
| 010 | @dCNY0.46 | |
| 091 | @a3009.213 | |
| 100 | @a20030114d1981 km y0chiy0120 ea | |
| 101 | 0 | @achi |
| 200 | 1 | @a政治常识手册@AZheng Zhi Chang Shi Shou Ce@f南京师范学院政教系《政治常识手册》组编@FNan Jing Shi Fan Xue Yuan Zheng Jiao Xi《Zheng Zhi Chang ShiShou Ce》ZuBian |
| 210 | @a北京@c中国青年出版社@d1981 | |
| 215 | @a225页@d19cm | |
| 606 | 0 | @a政治 |
| 690 | @aD-62@v3 | |
| 711 | 02 | @a南京师范学院政教系《政治常识手册》组@4编 |
| 801 | @aCN@bTSTC@c20060801 | |
| 905 | @dD-62@e14 | |
| 政治常识手册/南京师范学院政教系《政治常识手册》组编.-北京:中国青年出版社,1981 |
| 225页;19cm |
| ISBN :CNY0.46 |
| ● |
| 相关链接 |
|
|
|
|
正题名:政治常识手册
索取号:D-62/14
 
预约/预借
| 序号 | 登录号 | 条形码 | 馆藏地/架位号 | 状态 | 备注 |
| 1 | 0441286 | 204412867 | 密集书库/ [索取号:D-62/14] | 在馆 |